[Event "15th Vandoeuvre Open 2019"]
[Site "Vandoeuvre-les-Nancy"]
[Date "2019.01.05"]
[Round "8"]
[White "Ma, Qun"]
[Black "Bauer, Christian"]
[Result "0-1"]
[WhiteElo "2625"]
[BlackElo "2637"]
[Annotator "TA"]
[PlyCount "105"]
[EventDate "2019.01.02"]
[EventType "swiss"]
[EventCountry "FRA"]
[SourceTitle "playchess.com"]
[Source "ChessBase"]
[SourceQuality "1"]

{[%evp 14,105,7,20,22,29,40,28,35,37,38,33,35,30,41,37,45,36,86,73,93,51,163,153,163,18,337,15,18,0,84,-8,0,6,1,-26,-29,-71,-41,-69,-70,-54,-69,-80,-64,-364,-359,-356,-245,-245,-245,-237,-214,-231,-183,-205,-215,-249,-248,-245,-243,-271,-272,-271,-262,-285,-281,-281,-242,-354,-352,-369,-367,-387,-365,-432,-417,-786,-768,-745,-738,-726,-700,-29958,-29959,-29959,-29959,-29957,-29956,-29952,-29953,-29947,-29951,-29951]} 1. d4 Nf6 2. c4 e6 3. Nc3 Bb4 4. Qc2 d6 5. a3 Bxc3+ 6. Qxc3 a5 {E32: Nimzo-Indian: Classical (4 Qc2): 4...0-0} (6... Nbd7 7. f3 a5 8. e4 e5 9. Ne2 a4 10. Be3 O-O 11. O-O-O b6 12. g4 Ra5 13. h4 Re8 14. h5 h6 {1-0 (84) Riazantsev,A (2671)-Melkumyan,H (2633) Doha 2016}) 7. b3 O-O 8. Nf3 {LiveBook: 4 Games} Qe8 {The position is equal.} 9. e3 $146 ({Predecessor:} 9. g3 a4 10. b4 b5 11. Bg2 Ra7 12. O-O bxc4 13. Qxc4 Ba6 14. Qc2 Qb5 15. Re1 Nbd7 {½-½ (15) Savva,P (2033)-Constantinou,P (2062) Nikosia/Larnaca/Limassol 2013}) 9... b6 10. Be2 Bb7 11. O-O Nbd7 12. Bb2 Ne4 13. Qc2 f5 14. Rad1 Qg6 15. d5 Rae8 16. Nd4 {aiming for f3.} exd5 17. f3 Ng5 (17... Nef6 $1 $14) 18. cxd5 $18 Rxe3 19. Bc1 (19. Bb5 $18 Nc5 20. Bc1) 19... Nh3+ $1 $11 20. Kh1 Nf4 {[%csl Gf4][%cal Rg6g2][%mdl 64] Double Attack} 21. g3 Rxe2 (21... Nxd5 $11 22. Bxe3 Nxe3 23. Qxc7 {[%mdl 64] Double Attack} Nc5) 22. Nxe2 ({White should play} 22. Qxc7 $16 Qh5 23. h4 Bxd5 24. Bxf4) 22... Nxd5 23. Nf4 Nxf4 24. Bxf4 Nc5 25. Kg2 Qf7 26. Rfe1 h6 27. b4 axb4 28. axb4 Ne6 29. Qc4 $2 {[%mdl 8192] [#]} ({White should try} 29. Qf2 $15) 29... Bxf3+ $1 $19 {[%mdl 576] Double Attack} 30. Kf2 (30. Kxf3 Ng5+) 30... Bxd1 31. Qxe6 Qxe6 32. Rxe6 {[%mdl 4096] Endgame KRB-KRB} Ba4 33. Re1 g5 34. Be3 Kf7 35. Ra1 b5 36. Rc1 Rc8 37. h4 gxh4 38. gxh4 h5 39. Bb6 c6 40. Kf3 Ke6 41. Kf4 (41. Rc3 $142) 41... Rg8 42. Re1+ Kd5 43. Kxf5 Bc2+ 44. Kf6 c5 45. bxc5 (45. Re2 $142 Bd3 46. Re3) 45... Rg6+ 46. Kf7 dxc5 47. Bd8 Rg2 48. Bf6 Rf2 {Black mates.} 49. Re5+ Kc4 50. Ke6 {[#]} Rxf6+ $1 51. Kxf6 b4 {[%cal Bb5b4,Bb4b3][%mdl 32]} 52. Ke6 b3 53. Kd6 {Accuracy: White = 39%, Black = 71%.} 0-1

[Event "15th Vandoeuvre Open 2019"]
[Site "Vandoeuvre-les-Nancy"]
[Date "2019.01.05"]
[Round "8"]
[White "Xu, Xiangyu"]
[Black "Tilicheev, Viacheslav"]
[Result "1/2-1/2"]
[WhiteElo "2567"]
[BlackElo "2507"]
[Annotator "TA"]
[PlyCount "25"]
[EventDate "2019.01.02"]
[EventType "swiss"]
[EventCountry "FRA"]
[SourceTitle "playchess.com"]
[Source "ChessBase"]
[SourceQuality "1"]

{[%evp 19,25,0,0,0,20,0,0,0]} 1. d4 Nf6 2. c4 g6 3. Nc3 d5 4. Nf3 Bg7 5. h4 c6 6. cxd5 {D90: Grünfeld: 4 Nf3 Bg7 sidelines} cxd5 7. Bf4 Nc6 8. e3 O-O 9. Qb3 Na5 10. Qb4 $146 ({Predecessor:} 10. Qa3 Bf5 11. Be2 Bg4 12. O-O Bxf3 13. Bxf3 {½-½ (40) Rozum,I (2576)-Artemiev,V (2703) Kazan 2018}) 10... Nc6 {LiveBook: 5 Games. The position is equal.} 11. Qb3 Na5 12. Qb4 Nc6 13. Qb3 1/2-1/2

[Event "15th Vandoeuvre Open 2019"]
[Site "Vandoeuvre-les-Nancy"]
[Date "2019.01.05"]
[Round "8"]
[White "Li, Di"]
[Black "Maurizzi, Marc Andria"]
[Result "1-0"]
[WhiteElo "2488"]
[BlackElo "2028"]
[Annotator "ChessBase"]
[PlyCount "83"]
[EventDate "2019.01.02"]
[EventType "swiss"]
[EventCountry "FRA"]
[SourceTitle "playchess.com"]
[Source "ChessBase"]
[SourceQuality "1"]
[TimeControl "5400+30"]

1. d4 {[%emt 0:06:07]} e6 {[%emt 0:00:00]} 2. c4 {[%emt 0:00:29]} b6 {[%emt 0:00:00]} 3. a3 {[%emt 0:02:13]} Bb7 {[%emt 0:01:10]} 4. Nc3 {[%emt 0:00:21]} f5 {[%emt 0:02:04]} 5. d5 {[%emt 0:01:46]} Be7 {[%emt 0:00:57]} 6. g3 {[%emt 0:06:02]} Nf6 {[%emt 0:05:03]} 7. Bg2 {[%emt 0:00:07]} O-O {[%emt 0:00:40]} 8. Nh3 {[%emt 0:01:32]} Na6 {[%emt 0:08:45]} 9. b4 {[%emt 0:03:31]} c5 {[%emt 0:01:20]} 10. b5 {[%emt 0:34:12]} Nc7 {[%emt 0:00:34]} 11. O-O {[%emt 0:00:08]} d6 {[%emt 0:02:26]} 12. a4 {[%emt 0:04:02]} e5 {[%emt 0:11:18]} 13. Qc2 {[%emt 0:03:28]} a5 {[%emt 0:03:41]} 14. bxa6 {[%emt 0:04:34]} Bxa6 {[%emt 0:01:03]} 15. Qb3 {[%emt 0:00:14]} e4 {[%emt 0:01:35]} 16. f3 {[%emt 0:05:01]} exf3 {[%emt 0:01:50]} 17. exf3 {[%emt 0:01:09]} Nd7 {[%emt 0:01:27]} 18. f4 {[%emt 0:04:02]} Bf6 {[%emt 0:01:13]} 19. Ra2 {[%emt 0:00:05]} Re8 {[%emt 0:01:09]} 20. Ne2 {[%emt 0:00:22]} Re7 {[%emt 0:01:52]} 21. Nf2 {[%emt 0:00:25]} Qf8 {[%emt 0:01:12]} 22. g4 {[%emt 0:01:02]} fxg4 {[%emt 0:01:36]} 23. Nxg4 {[%emt 0:00:37]} Rae8 {[%emt 0:00:22]} 24. Qd3 {[%emt 0:00:30]} Qf7 {[%emt 0:04:47]} 25. h3 {[%emt 0:05:55]} h5 {[%emt 0:09:35]} 26. Nh2 {[%emt 0:01:44]} g6 {[%emt 0:00:58]} 27. Rc2 {[%emt 0:00:52]} Kg7 {[%emt 0:01:06]} 28. Kh1 {[%emt 0:03:20]} Bc8 {[%emt 0:07:50]} 29. Ng3 {[%emt 0:00:14]} Re1 {[%emt 0:01:12]} 30. Ne4 {[%emt 0:00:22]} Rxf1+ {[%emt 0:00:07]} 31. Nxf1 {[%emt 0:00:30]} Qe7 {[%emt 0:01:01]} 32. Bf3 {[%emt 0:01:45]} Bd4 {[%emt 0:02:06]} 33. Rg2 {[%emt 0:00:31]} Nf8 {[%emt 0:03:34]} 34. Be3 {[%emt 0:00:41]} Bxe3 {[%emt 0:02:19]} 35. Nxe3 {[%emt 0:00:08]} Bxh3 {[%emt 0:00:39]} 36. Qc3+ {[%emt 0:00:40]} Kh6 {[%emt 0:00:05]} 37. Rh2 {[%emt 0:01:50]} Qh4 {[%emt 0:01:07]} 38. Nxd6 {[%emt 0:03:35]} Qxf4 {[%emt 0:00:33]} 39. Rxh3 {[%emt 0:02:42]} Rxe3 {[%emt 0:00:09]} 40. Nf7+ {[%emt 0:00:13]} Qxf7 {[%emt 0:00:03]} 41. Qxe3+ {[%emt 0:00:04]} g5 {[%emt 0:00:11]} 42. Rxh5+ {[%emt 0:00:27]} 1-0

[Event "15th Vandoeuvre Open 2019"]
[Site "Vandoeuvre-les-Nancy"]
[Date "2019.01.05"]
[Round "8"]
[White "Cereda, Loris"]
[Black "Bailet, Pierre"]
[Result "1/2-1/2"]
[WhiteElo "2356"]
[BlackElo "2492"]
[Annotator "TA"]
[PlyCount "93"]
[EventDate "2019.01.02"]
[EventType "swiss"]
[EventCountry "FRA"]
[SourceTitle "playchess.com"]
[Source "ChessBase"]
[SourceQuality "1"]

{[%evp 9,93,9,22,16,22,15,23,25,22,29,21,20,22,22,30,0,2,6,11,31,17,0,0,0,7,16,16,18,26,23,52,42,44,14,88,88,88,88,88,87,92,96,90,0,0,0,7,0,0,0,0,0,0,0,31,0,0,-79,-2,-29,0,0,0,0,0,0,0,0,0,0,0,0,0,0,0,0,0,0,0,0,0,0,0,0,0,0]} 1. e4 c5 2. Nf3 Nc6 3. Bb5 d6 4. c3 Nf6 5. Qe2 e6 {LiveBook: 3 Games} (5... e5 6. d4 cxd4 7. cxd4 Bd7 8. d5 Nb8 9. Nc3 Be7 10. O-O O-O 11. h3 Bxb5 12. Qxb5 Qd7 13. a4 {½-½ (50) Nepomniachtchi,I (2721)-Wang,Y (2723) Beijing 2013}) 6. O-O {B51: Sicilian: Moscow Variation (3 Bb5+) without 3...Bd7} Be7 7. d4 cxd4 8. cxd4 {White has an edge.} a6 9. Ba4 O-O 10. Nc3 b5 11. Bc2 b4 $146 ({Predecessor:} 11... e5 12. dxe5 dxe5 13. Rd1 {½-½ (21) Keller,D-Nainggolan,M Beverwijk 1967}) 12. e5 dxe5 13. dxe5 Nxe5 14. Nxe5 {[#] Black must now prevent Ne4.} bxc3 15. bxc3 Bb7 16. c4 Rc8 17. Rb1 $36 {[%cal Ba1b1,Bb1b3,Bb3h3][%mdl 2080] White is more active.} Ba8 18. Rb3 Rc5 19. Bb2 Qc7 20. Rh3 g6 {[#] Threatens to win with ...Qb7.} 21. Bc3 Rc8 (21... Bd6 $11 22. Re1 Rc8) 22. Re1 $16 Bf8 23. Nxg6 hxg6 24. Bxf6 {[%csl Gf6][%cal Rh3h8]} Bg7 25. Bxg7 Kxg7 26. Qe3 ({Better is} 26. Bd3 $16) 26... Rxc4 $11 27. Bd3 Rc1 28. Qh6+ Kf6 29. Qh4+ Kg7 $1 30. Rf1 Rxf1+ 31. Bxf1 Rb8 32. Kh1 Qe5 33. f3 (33. Kg1 $11) 33... Bd5 ({Black should play} 33... Bc6 $17) 34. a3 $1 Qe3 35. f4 $1 {The position is equal.} Bxg2+ 36. Kxg2 Rb2+ 37. Kh1 {[%csl Gh3][%cal Rh4h8]} Qe4+ 38. Kg1 {[%csl Gh3][%cal Rh4h8]} Qd4+ 39. Kh1 {[%csl Gh3][%cal Rh4h8]} Qd5+ 40. Kg1 {[%csl Gh3][%cal Rh4h8]} Qc5+ 41. Kh1 {[%csl Gh3][%cal Rh4h8]} Qc6+ 42. Kg1 {[%csl Gh3][%cal Rh4h8]} Qb6+ 43. Kh1 {[%csl Gh3][%cal Rh4h8]} Qb7+ 44. Kg1 {[%csl Gh3][%cal Rh4h8]} Qa7+ 45. Kh1 {[%csl Gh3][%cal Rh4h8]} Qb7+ 46. Kg1 {[%csl Gh3][%cal Rh4h8]} Qa7+ 47. Kh1 {Accuracy: White = 60%, Black = 68%.} 1/2-1/2

[Event "15th Vandoeuvre Open 2019"]
[Site "Vandoeuvre-les-Nancy"]
[Date "2019.01.05"]
[Round "8"]
[White "Rauta, Nicolas"]
[Black "Fretel, Liza"]
[Result "1-0"]
[WhiteElo "1904"]
[BlackElo "1855"]
[Annotator "NA"]
[PlyCount "109"]
[EventDate "2019.01.02"]
[EventType "swiss"]
[EventCountry "FRA"]
[SourceTitle "playchess.com"]
[Source "ChessBase"]
[SourceQuality "1"]
[TimeControl "5400+30"]

1. c4 {[%emt 0:01:47]} c5 {[%emt 0:00:00]} 2. Nc3 {[%emt 0:00:10]} Nc6 {[%emt 0:00:00]} 3. g3 {[%emt 0:00:03]} g6 {[%emt 0:00:05]} 4. Bg2 {[%emt 0:00:04]} Bg7 {[%emt 0:00:06]} 5. d3 {[%emt 0:00:19]} a6 {[%emt 0:00:40]} 6. e4 {[%emt 0:01:56]} Rb8 {[%emt 0:00:55]} 7. Be3 {[%emt 0:02:16]} d6 {[%emt 0:00:14]} 8. Nge2 {[%emt 0:04:29]} Nd4 {[%emt 0:02:27]} 9. O-O {[%emt 0:05:05]} b5 {[%emt 0:03:16]} 10. cxb5 {[%emt 0:05:38]} Nxe2+ {[%emt 0:01:06]} 11. Qxe2 {[%emt 0:00:37]} axb5 {[%emt 0:00:19]} 12. f4 {[%emt 0:03:05]} b4 {[%emt 0:01:20]} 13. Nd1 {[%emt 0:02:15]} Qa5 {[%emt 0:08:53]} 14. Nf2 {[%emt 0:08:51]} Bb7 {[%emt 0:06:18]} 15. Rfe1 {[%emt 0:03:52]} e6 {[%emt 0:01:06]} 16. Qd2 {[%emt 0:02:52]} Ne7 {[%emt 0:03:05]} 17. Rec1 {[%emt 0:13:19]} O-O {[%emt 0:04:49]} 18. d4 {[%emt 0:05:31]} Rfc8 {[%emt 0:04:20]} 19. dxc5 {[%emt 0:00:39]} dxc5 {[%emt 0:02:10]} 20. Qd6 {[%emt 0:09:31]} Qc7 {[%emt 0:06:27]} 21. Qxc7 {[%emt 0:00:48]} Rxc7 {[%emt 0:00:07]} 22. Rxc5 {[%emt 0:00:09]} Rbc8 {[%emt 0:01:06]} 23. Rac1 {[%emt 0:01:29]} Rxc5 {[%emt 0:01:13]} 24. Rxc5 {[%emt 0:00:43]} Bxb2 {[%emt 0:00:50]} 25. Rxc8+ {[%emt 0:05:17]} Bxc8 {[%emt 0:00:06]} 26. Bc5 {[%emt 0:00:07]} Nc6 {[%emt 0:00:16]} 27. e5 {[%emt 0:01:49]} Bd4 {[%emt 0:00:22]} 28. Bxd4 {[%emt 0:02:30]} Nxd4 {[%emt 0:00:04]} 29. Nd3 {[%emt 0:00:12]} Nc2 {[%emt 0:07:59]} 30. Nc5 {[%emt 0:00:39]} Kf8 {[%emt 0:01:36]} 31. Kf2 {[%emt 0:00:09]} Ke7 {[%emt 0:02:07]} 32. Be4 {[%emt 0:00:48]} Nd4 {[%emt 0:00:52]} 33. Ke3 {[%emt 0:00:44]} Nb5 {[%emt 0:00:18]} 34. Nd3 {[%emt 0:01:19]} f6 {[%emt 0:06:24]} 35. Nxb4 {[%emt 0:04:14]} fxe5 {[%emt 0:01:54]} 36. Nc6+ {[%emt 0:00:14]} Kd6 {[%emt 0:00:23]} 37. Nxe5 {[%emt 0:00:09]} Nc3 {[%emt 0:01:05]} 38. a3 {[%emt 0:00:55]} Ba6 {[%emt 0:05:28]} 39. Bd3 {[%emt 0:08:07]} Bb7 {[%emt 0:02:30]} 40. Kd4 {[%emt 0:00:23]} Na4 {[%emt 0:02:53]} 41. Bb5 {[%emt 0:00:43]} Nb6 {[%emt 0:00:41]} 42. Nc4+ {[%emt 0:00:21]} Nxc4 {[%emt 0:00:40]} 43. Bxc4 {[%emt 0:00:08]} Bc6 {[%emt 0:00:12]} 44. Bb3 {[%emt 0:00:09]} h6 {[%emt 0:00:46]} 45. h4 {[%emt 0:00:27]} g5 {[%emt 0:05:57]} 46. hxg5 {[%emt 0:00:35]} hxg5 {[%emt 0:00:05]} 47. fxg5 {[%emt 0:00:50]} e5+ {[%emt 0:00:20]} 48. Ke3 {[%emt 0:00:15]} Ke7 {[%emt 0:00:18]} 49. a4 {[%emt 0:00:21]} Kf8 {[%emt 0:00:18]} 50. a5 {[%emt 0:00:41]} Bb7 {[%emt 0:00:14]} 51. Bc4 {[%emt 0:00:20]} Kg7 {[%emt 0:01:40]} 52. a6 {[%emt 0:00:25]} Bxa6 {[%emt 0:00:54]} 53. Bxa6 {[%emt 0:00:04]} Kg6 {[%emt 0:00:03]} 54. Ke4 {[%emt 0:00:43]} Kxg5 {[%emt 0:00:07]} 55. Bc8 {[%emt 0:00:13]} 1-0

[Event "15th Vandoeuvre Open 2019"]
[Site "Vandoeuvre-les-Nancy"]
[Date "2019.01.05"]
[Round "8"]
[White "Budak, Rezan"]
[Black "Paternoster, Thibaud"]
[Result "0-1"]
[WhiteElo "1883"]
[BlackElo "1879"]
[Annotator "NA"]
[PlyCount "64"]
[EventDate "2019.01.02"]
[EventType "swiss"]
[EventCountry "FRA"]
[SourceTitle "playchess.com"]
[Source "ChessBase"]
[SourceQuality "1"]
[TimeControl "5400+30"]

1. d4 {[%emt 0:06:53]} Nf6 {[%emt 0:00:00]} 2. c4 {[%emt 0:00:24]} e6 {[%emt 0:00:00]} 3. Nf3 {[%emt 0:00:16]} c5 {[%emt 0:00:00]} 4. e3 {[%emt 0:00:13]} cxd4 {[%emt 0:00:20]} 5. exd4 {[%emt 0:00:44]} d5 {[%emt 0:00:16]} 6. Nc3 {[%emt 0:01:52]} Be7 {[%emt 0:01:57]} 7. Bf4 {[%emt 0:01:32]} O-O {[%emt 0:08:41]} 8. Rc1 {[%emt 0:01:38]} dxc4 {[%emt 0:04:05]} 9. Bxc4 {[%emt 0:00:23]} a6 {[%emt 0:03:14]} 10. a4 {[%emt 0:04:49]} Nbd7 {[%emt 0:03:41]} 11. O-O {[%emt 0:02:30]} Nb6 {[%emt 0:01:08]} 12. Bd3 {[%emt 0:01:14]} Nbd5 {[%emt 0:01:58]} 13. Be5 {[%emt 0:01:46]} Bd7 {[%emt 0:20:50]} 14. Re1 {[%emt 0:12:48]} Bc6 {[%emt 0:03:44]} 15. Bb1 {[%emt 0:00:51]} Rc8 {[%emt 0:05:08]} 16. Nxd5 {[%emt 0:06:50]} Bxd5 {[%emt 0:03:34]} 17. Rxc8 {[%emt 0:00:17]} Qxc8 {[%emt 0:00:05]} 18. Qd3 {[%emt 0:00:08]} Qc4 {[%emt 0:09:49]} 19. Qd1 {[%emt 0:11:20]} Rc8 {[%emt 0:08:09]} 20. Ng5 {[%emt 0:10:48]} h6 {[%emt 0:02:38]} 21. Bxf6 {[%emt 0:16:07]} Bxf6 {[%emt 0:00:59]} 22. Ne4 {[%emt 0:00:08]} Qxd4 {[%emt 0:02:29]} 23. Nxf6+ {[%emt 0:00:11]} Qxf6 {[%emt 0:00:04]} 24. Qd3 {[%emt 0:00:12]} g6 {[%emt 0:00:28]} 25. Qe2 {[%emt 0:01:03]} Qg5 {[%emt 0:00:49]} 26. f3 {[%emt 0:03:40]} Rc1 {[%emt 0:04:13]} 27. Bd3 {[%emt 0:00:30]} Rxe1+ {[%emt 0:00:21]} 28. Qxe1 {[%emt 0:01:09]} Bxf3 {[%emt 0:00:21]} 29. Bf1 {[%emt 0:00:05]} Bc6 {[%emt 0:00:53]} 30. a5 {[%emt 0:00:27]} Qc5+ {[%emt 0:00:39]} 31. Kh1 {[%emt 0:00:23]} Kg7 {[%emt 0:00:20]} 32. Qb1 {[%emt 0:01:19]} Qxa5 {[%emt 0:00:28]} 0-1

[Event "15th Vandoeuvre Open 2019"]
[Site "Vandoeuvre-les-Nancy"]
[Date "2019.01.05"]
[Round "8"]
[White "Battistella, Valentin"]
[Black "Bellahcene, Anissa"]
[Result "1-0"]
[WhiteElo "1882"]
[BlackElo "1819"]
[Annotator "NA"]
[PlyCount "76"]
[EventDate "2019.01.02"]
[EventType "swiss"]
[EventCountry "FRA"]
[SourceTitle "playchess.com"]
[Source "ChessBase"]
[SourceQuality "1"]
[TimeControl "5400+30"]

1. d4 {[%emt 0:00:00]} d5 {[%emt 0:05:03]} 2. Bf4 {[%emt 0:00:00]} c6 {[%emt 0:00:32]} 3. Nf3 {[%emt 0:01:15]} e6 {[%emt 0:00:06]} 4. e3 {[%emt 0:00:13]} f5 {[%emt 0:01:01]} 5. Nbd2 {[%emt 0:04:11]} Nf6 {[%emt 0:00:20]} 6. Ne5 {[%emt 0:00:16]} Nbd7 {[%emt 0:00:32]} 7. Be2 {[%emt 0:02:01]} Be7 {[%emt 0:00:17]} 8. O-O {[%emt 0:02:39]} O-O {[%emt 0:00:15]} 9. c4 {[%emt 0:01:20]} Ne4 {[%emt 0:01:43]} 10. f3 {[%emt 0:00:23]} Nxd2 {[%emt 0:07:02]} 11. Qxd2 {[%emt 0:00:39]} g5 {[%emt 0:00:25]} 12. Nxd7 {[%emt 0:00:47]} Bxd7 {[%emt 0:00:54]} 13. Be5 {[%emt 0:00:47]} Be8 {[%emt 0:06:45]} 14. e4 {[%emt 0:27:51]} dxe4 {[%emt 0:06:31]} 15. fxe4 {[%emt 0:00:39]} Bf6 {[%emt 0:00:45]} 16. Bxf6 {[%emt 0:00:37]} Qxf6 {[%emt 0:00:05]} 17. d5 {[%emt 0:05:04]} Rd8 {[%emt 0:01:19]} 18. Rad1 {[%emt 0:02:37]} h6 {[%emt 0:05:41]} 19. Qa5 {[%emt 0:19:42]} Rd7 {[%emt 0:12:43]} 20. Kh1 {[%emt 0:07:35]} Qe5 {[%emt 0:05:11]} 21. Rde1 {[%emt 0:06:56]} b6 {[%emt 0:11:04]} 22. Qa3 {[%emt 0:02:40]} Qd6 {[%emt 0:03:55]} 23. Qh3 {[%emt 0:05:10]} exd5 {[%emt 0:02:23]} 24. cxd5 {[%emt 0:02:51]} cxd5 {[%emt 0:01:15]} 25. exf5 {[%emt 0:02:22]} Re7 {[%emt 0:03:21]} 26. Qd3 {[%emt 0:01:14]} Qe5 {[%emt 0:01:57]} 27. h3 {[%emt 0:01:45]} Bf7 {[%emt 0:01:02]} 28. Bf3 {[%emt 0:00:55]} Qxe1 {[%emt 0:01:23]} 29. Rxe1 {[%emt 0:00:02]} Rxe1+ {[%emt 0:00:06]} 30. Kh2 {[%emt 0:00:03]} Re5 {[%emt 0:00:32]} 31. Bd1 {[%emt 0:00:51]} Rd8 {[%emt 0:01:56]} 32. Bc2 {[%emt 0:00:16]} Rd6 {[%emt 0:02:32]} 33. Qg3 {[%emt 0:00:53]} Re2 {[%emt 0:00:54]} 34. Qxd6 {[%emt 0:00:18]} Rxc2 {[%emt 0:00:02]} 35. Qb8+ {[%emt 0:01:26]} Kg7 {[%emt 0:00:32]} 36. Qe5+ {[%emt 0:00:08]} Kg8 {[%emt 0:00:35]} 37. Qf6 {[%emt 0:00:11]} Rd2 {[%emt 0:02:17]} 38. Qxh6 {[%emt 0:00:15]} d4 {[%emt 0:16:04]} 1-0

[Event "15th Vandoeuvre Open 2019"]
[Site "Vandoeuvre-les-Nancy"]
[Date "2019.01.05"]
[Round "8"]
[White "Leccia, Antoine"]
[Black "Godde, Matthias"]
[Result "1/2-1/2"]
[WhiteElo "1696"]
[BlackElo "1881"]
[Annotator "NA"]
[PlyCount "40"]
[EventDate "2019.01.02"]
[EventType "swiss"]
[EventCountry "FRA"]
[SourceTitle "playchess.com"]
[Source "ChessBase"]
[SourceQuality "1"]
[TimeControl "5400+30"]

1. d4 {[%emt 0:00:33]} Nf6 {[%emt 0:00:00]} 2. Nf3 {[%emt 0:00:46]} g6 {[%emt 0:00:00]} 3. g3 {[%emt 0:01:06]} Bg7 {[%emt 1:31:30]} 4. Bg2 {[%emt 0:01:30]} O-O {[%emt 0:00:00]} 5. O-O {[%emt 0:01:04]} d6 {[%emt 0:00:00]} 6. a4 {[%emt 1:28:01]} Nbd7 {[%emt 0:00:00]} 7. Nc3 {[%emt 0:00:30]} c6 {[%emt 0:00:00]} 8. Re1 {[%emt 0:00:00]} Qc7 {[%emt 0:00:00]} 9. e4 {[%emt 0:00:00]} e5 {[%emt 0:00:00]} 10. h3 {[%emt 0:00:00]} Re8 {[%emt 0:00:00]} 11. Be3 {[%emt 0:00:00]} h6 {[%emt 0:00:00]} 12. Qd2 {[%emt 0:00:00]} Kh7 {[%emt 0:00:00]} 13. Kh2 {[%emt 0:00:00]} Nb6 {[%emt 0:00:00]} 14. b3 {[%emt 0:00:00]} Nbd7 {[%emt 0:00:00]} 15. Rad1 {[%emt 0:00:00]} a6 {[%emt 0:00:00]} 16. Qd3 {[%emt 0:00:00]} Qa5 {[%emt 0:00:00]} 17. Nd2 {[%emt 0:00:00]} Qc7 {[%emt 0:00:00]} 18. Nf3 {[%emt 0:00:00]} Qa5 {[%emt 0:00:00]} 19. Nd2 {[%emt 0:00:00]} Qc7 {[%emt 0:00:00]} 20. Nf3 {[%emt 0:00:00]} Qa5 {[%emt 0:08:30]} 1/2-1/2

[Event "15th Vandoeuvre Open 2019"]
[Site "Vandoeuvre-les-Nancy"]
[Date "2019.01.06"]
[Round "9"]
[White "Bauer, Christian"]
[Black "Xu, Xiangyu"]
[Result "1-0"]
[WhiteElo "2637"]
[BlackElo "2567"]
[Annotator "TA"]
[PlyCount "126"]
[EventDate "2019.01.02"]
[EventType "swiss"]
[EventCountry "FRA"]
[SourceTitle "playchess.com"]
[Source "ChessBase"]
[SourceQuality "1"]

{[%evp 22,126,46,51,108,92,104,87,72,91,102,100,100,93,100,85,91,83,84,85,75,85,95,82,112,106,113,104,135,111,157,152,159,157,175,172,296,295,371,303,298,289,283,282,517,243,237,193,185,199,193,167,190,168,178,181,221,179,334,323,317,316,310,286,318,304,266,317,322,312,314,332,333,316,325,248,328,325,316,308,283,170,170,143,243,251,1152,584,1373,1347,1152,1318,1193,1202,1369,1247,1383,601,29964,12363,29976,29977,29983,29984,29985,29986,29988]} 1. d4 d5 2. c4 dxc4 3. e3 Nf6 4. Bxc4 e6 5. Nf3 c5 6. O-O Nc6 7. Qe2 a6 8. Bb3 cxd4 9. Rd1 d3 10. Rxd3 Qc7 11. Nc3 Bc5 {D27: Queen's Gambit Accepted: Classical main line: 7 e4!? and 7 a4} 12. h3 {LiveBook: 15 Games} Ne5 $146 (12... b6 $14) ({Predecessor:} 12... O-O 13. e4 Nd7 14. Be3 Nce5 15. Nxe5 Nxe5 16. Rdd1 Bxe3 17. Qxe3 Bd7 18. Rac1 Rad8 19. Nb5 {1-0 (53) Eljanov,P (2651)-Charbonneau,P (2501) Montreal 2006}) 13. Nxe5 $16 Qxe5 {White is better.} 14. e4 $1 Bd7 15. Be3 $1 Bxe3 16. Qxe3 Bc6 17. f4 Qa5 18. Rad1 Nd7 19. Bd5 Qb6 20. Qxb6 Nxb6 21. Bxc6+ bxc6 22. Ne2 $36 {[%mdl 2048] White has strong initiative.} Ke7 23. Rc1 Rhc8 24. Rdc3 Kd7 25. Nd4 Na4 26. R3c2 ({But not} 26. Rxc6 $6 Nxb2 27. e5 a5 $11) 26... c5 27. Nf3 Kd6 28. Ne5 {Threatens to win with Rd1+.} Ra7 {[#]} (28... Ke7 $142 29. b3 Nb6 30. Rxc5 Rxc5 31. Rxc5 f6) 29. Nc4+ $1 $18 Kc6 30. Rd2 Kc7 31. b3 Nb6 {Black hopes to continue with ...Nxc4.} 32. Nd6 Rd8 $2 {[#]} (32... Rf8 33. Rxc5+ Kb8) 33. Rxc5+ (33. Nb5+ $142 $1 {[%mdl 512]} Kb7 (33... axb5 34. Rxc5+) 34. Rxd8 axb5 35. Rxc5) 33... Kb8 34. Rc6 Nc8 35. Nxc8 Rxc8 {[%mdl 4096] Endgame KRR-KRR} 36. Rb6+ Ka8 37. Rdd6 a5 38. a4 Rc1+ 39. Kh2 {Rd8+ would kill now.} Rb7 $2 (39... Rc8 {was called for.} 40. f5 exf5) 40. Rd8+ Ka7 41. Rxb7+ Kxb7 {KR-KR} 42. Rg8 g6 43. Rg7 Rc7 44. Rxh7 Kc6 45. Rh8 Rb7 46. Rc8+ Kd7 47. Rc5 Rxb3 48. f5 Rb4 49. fxg6 fxg6 50. Rxa5 Rxe4 51. Rg5 Rxa4 52. Rxg6 Kd6 (52... Ke7 $16 {was necessary.} 53. Rh6 Ra2) 53. g4 {[%cal Bg2g4,Bg4g5,Bg5g6,Bg6g7][%mdl 32]} Ra3 $2 (53... Ke5 54. Rg8 Kf6 55. Rf8+ Kg6) 54. Rf6 Ke7 55. g5 e5 56. h4 e4 57. Rf4 e3 58. Kg2 Ke6 59. Kf3 (59. g6 $142) 59... Kd5 60. g6 Ke5 61. Rg4 {White mates.} Ra8 62. g7 Rg8 63. h5 Kd5 {Accuracy: White = 79%, Black = 27%.} 1-0

[Event "15th Vandoeuvre Open 2019"]
[Site "Vandoeuvre-les-Nancy"]
[Date "2019.01.06"]
[Round "9"]
[White "Tilicheev, Viacheslav"]
[Black "Li, Di"]
[Result "*"]
[WhiteElo "2507"]
[BlackElo "2488"]
[Annotator "TA"]
[PlyCount "35"]
[EventDate "2019.01.02"]
[EventType "swiss"]
[EventCountry "FRA"]
[SourceTitle "playchess.com"]
[Source "ChessBase"]
[SourceQuality "1"]

{[%evp 21,35,0,0,-5,0,0,0,-19,-14,-17,0,0,0,-14,0,0]} 1. d4 d5 2. Nf3 Nf6 3. g3 c6 4. Bg2 Bf5 5. O-O e6 6. Nbd2 h6 7. c4 Nbd7 8. b3 Be7 9. Bb2 O-O 10. Ne5 a5 11. Nxd7 {D11: Slav Defence: 3 Nf3 sidelines and 3...Nf6 4 e3 Bg4} Qxd7 {LiveBook: 4 Games. The position is equal.} 12. a3 (12. Re1 Rfd8 13. a3 Rac8 14. c5 Ra8 15. b4 axb4 16. axb4 b6 17. Qb3 Qb7 18. Qc3 bxc5 19. bxc5 {0-1 (76) Golubov,S (2484)-Sarana,A (2562) Taganrog 2018}) 12... Rfd8 13. Rc1 $146 ({Predecessor:} 13. Re1 Qc7 14. Qc1 Rac8 15. Qc3 Qb6 16. Rad1 c5 17. e3 cxd4 18. exd4 Bf8 {½-½ (30) Bachofner,C (2076)-Salamon,W (2152) Austria 2010}) 13... Qe8 14. Nf3 Be4 15. Nd2 Bf5 16. Nf3 Be4 17. Nd2 Bf5 18. Nf3 *